Iowa Slipknot - Statistiques

Statistiques générales
  • Ce quiz a été pris 45 fois
  • Le résultat moyen est 8 sur 14
Answers on the Grid
Answers color-coded by a green-red scale on the quiz's grid according to % correct below.
Wait and Bleed
Left Behind
The Heretic Anthem
Liberate
The Blister Exist
People=Sh*t
I am Hated
Vermilion
Snuff
Gematria (The Killing name)
My Plague
Everythings end
Me inside
Gently
Skin Ticket
Spit It Out
Sulfur
The Shape
New Abortion
Metabolic
Killpop
Custer
The Devil in I
(515)
Disasterpiece
Scissors
The Negative One
Iowa
Only one
Diluted
 
Statistiques - réponses
Réponse % Correct
People=Sh*t
90%
Left Behind
83%
The Heretic Anthem
77%
My Plague
67%
Iowa
63%
I am Hated
60%
Disasterpiece
57%
Everythings end
57%
(515)
50%
The Shape
50%
Gently
47%
Metabolic
47%
New Abortion
43%
Skin Ticket
40%
Aucun quiz correspondant
Distribution des résultats
% des personnes avec chaque résultat
Percentile par nombre de réponses
Votre historique - résultats
Vous n’avez pas pris ce quiz